000 00498nam a2200217Ia 4500
001 11601
003 GE_BSU
008 181216s||||||||xx |||||||||||||| ||und||
020 _a0340833882
040 _cGE_BSU
080 _a821.111-312
100 _aDeaver,Jeffery .
245 _aTwisted.
245 4 _bThe collected stories of Jeffery Deaver.
260 _aGreat Britain.
260 _bHodder & stoughton.
260 _c2003.
300 _a385p;25cm.
653 _aTwisted.
942 _cBK
999 _c44796
_d44796